[Event "Pardubice Czech op"]
[Site "Pardubice"]
[Date "2007.07.28"]
[Round "9"]
[White "Armbrust, Florian"]
[Black "Shevtsov, Nikoliy"]
[Result "1/2-1/2"]
[WhiteElo "2300"]
[BlackElo "2400"]
[PlyCount "57"]
[EventDate "2007.07.20"]
[EventType "swiss"]
[EventRounds "9"]
[EventCountry "CZE"]
[SourceTitle "CBM 119 Extra"]
[Source "ChessBase"]
[SourceDate "2007.09.04"]
[SourceVersion "1"]
[SourceVersionDate "2007.09.04"]
[SourceQuality "1"]

1. e4 c5 2. Nc3 Nc6 3. Bb5 Nd4 4. Bc4 e6 5. Nf3 Ne7 6. Nxd4 cxd4 7. Ne2 Nc6 8. d3 Be7 9. 0-0 0-0 10. a3 a6 11. Ng3 d5 12. exd5 exd5 13. Ba2 Be6 14. f4 f5 15. Qe2 Qd7 16. Qf2 Bh4 17. b4 b5 18. Bb2 a5 19. bxa5 Rxa5 20. Bb3 Rfa8 21. Qf3 Bf7 22. Ne2 Bf6 23. Qf2 Qa7 24. Rfe1 Be7 25. Kf1 Bc5 26. Ng1 Bxa3 27. Bxa3 Rxa3 28. Rxa3 Qxa3 29. Nf3 1/2-1/2

[Event "Pardubice Czech op"]
[Site "Pardubice"]
[Date "2007.07.25"]
[Round "6"]
[White "Shevtsov, Nikoliy"]
[Black "Polschikov, Alexey"]
[Result "1/2-1/2"]
[WhiteElo "2400"]
[BlackElo "2270"]
[PlyCount "96"]
[EventDate "2007.07.20"]
[EventType "swiss"]
[EventRounds "9"]
[EventCountry "CZE"]
[SourceTitle "CBM 119 Extra"]
[Source "ChessBase"]
[SourceDate "2007.09.04"]
[SourceVersion "1"]
[SourceVersionDate "2007.09.04"]
[SourceQuality "1"]

1. e4 d6 2. d4 Nf6 3. Nc3 e5 4. Nf3 Nbd7 5. Bc4 Be7 6. 0-0 0-0 7. Re1 c6 8. a4 b6 9. d5 cxd5 10. Nxd5 Nxd5 11. Bxd5 Rb8 12. Ra3 a6 13. Rd3 h6 14. Be3 Nf6 15. Bb3 Qc7 16. Nd2 b5 17. axb5 axb5 18. f3 Be6 19. Nf1 Bc4 20. Rd2 Bxb3 21. cxb3 Qb7 22. Rd3 Nd7 23. Ng3 Nb6 24. Nf5 Nc8 25. Qd2 h5 26. Bh6 Bf6 27. Bg5 Qb6+ 28. Be3 Qb7 29. Nxd6 Nxd6 30. Rxd6 Rfd8 31. Rd5 Be7 32. Rd1 Rxd5 33. Qxd5 Qxd5 34. Rxd5 f6 35. Rd7 Kf8 36. Kf2 Ke8 37. Rd5 Kf7 38. f4 exf4 39. Bxf4 Rb7 40. Rxh5 g5 41. Be3 Rc7 42. Kf3 b4 43. h4 gxh4 44. Rxh4 Rc2 45. Bd4 Rd2 46. Ke3 Rxg2 47. Kd3 Ke6 48. Rf4 Rg5 1/2-1/2

[Event "Pardubice Czech op"]
[Site "Pardubice"]
[Date "2007.07.24"]
[Round "5"]
[White "Henrichs, Thomas"]
[Black "Shevtsov, Nikoliy"]
[Result "1-0"]
[WhiteElo "2496"]
[BlackElo "2400"]
[PlyCount "97"]
[EventDate "2007.07.20"]
[EventType "swiss"]
[EventRounds "9"]
[EventCountry "CZE"]
[SourceTitle "CBM 119 Extra"]
[Source "ChessBase"]
[SourceDate "2007.09.04"]
[SourceVersion "1"]
[SourceVersionDate "2007.09.04"]
[SourceQuality "1"]

1. e4 c5 2. Nf3 d6 3. d4 cxd4 4. Nxd4 Nf6 5. Nc3 a6 6. Be3 Ng4 7. Bc1 Nf6 8. Be2 e5 9. Nb3 Be7 10. 0-0 0-0 11. Kh1 Nc6 12. f3 Be6 13. Nd5 a5 14. Be3 a4 15. Nc1 Bxd5 16. exd5 Nd4 17. Bxd4 exd4 18. Qxd4 Qa5 19. c4 Rfc8 20. Bd3 Rc7 21. Ne2 Qb4 22. Rab1 Kf8 23. Nc3 Ra5 24. b3 a3 25. Bf5 Bd8 26. Rbd1 Re7 27. Nb5 Re2 28. Bb1 Ra6 29. Qf4 Ba5 30. Nd4 Re5 31. Nf5 Ra8 32. Qg5 Rxf5 33. Qxf5 Re8 34. f4 h6 35. g4 Qc5 36. g5 Ng8 37. Rf3 Re2 38. Qd3 Rb2 39. Re3 Qc8 40. Qe4 hxg5 41. fxg5 Bd2 42. Rg3 Ne7 43. Rf1 g6 44. Qh4 Ke8 45. Qh7 Rxb1 46. Qxf7+ Kd8 47. Rxb1 Qf5 48. Qxf5 Nxf5 49. Rf3 1-0

[Event "Pardubice Czech op"]
[Site "Pardubice"]
[Date "2007.07.23"]
[Round "4"]
[White "Shevtsov, Nikoliy"]
[Black "Schebler, Gerhard"]
[Result "1/2-1/2"]
[WhiteElo "2400"]
[BlackElo "2496"]
[PlyCount "59"]
[EventDate "2007.07.20"]
[EventType "swiss"]
[EventRounds "9"]
[EventCountry "CZE"]
[SourceTitle "CBM 119 Extra"]
[Source "ChessBase"]
[SourceDate "2007.09.04"]
[SourceVersion "1"]
[SourceVersionDate "2007.09.04"]
[SourceQuality "1"]

1. e4 c5 2. c3 d5 3. exd5 Qxd5 4. d4 Nf6 5. Nf3 Bg4 6. dxc5 Qxc5 7. h3 Bh5 8. Be3 Qc8 9. Na3 Nbd7 10. Qa4 Bxf3 11. gxf3 a6 12. 0-0-0 e6 13. Nc2 Nd5 14. f4 Be7 15. Bg2 b5 16. Qd4 0-0 17. Bxd5 exd5 18. Qxd5 Nf6 19. Qe5 Re8 20. Rhg1 Qxh3 21. Rg3 Qe6 22. Qg5 g6 23. f5 Qxa2 24. Bd4 Rad8 25. Bxf6 Rxd1+ 26. Kxd1 Qa1+ 27. Kd2 Bxf6 28. Qxf6 Qf1 29. Re3 Qxf2+ 30. Kd1 1/2-1/2

[Event "UKR-ch qual"]
[Site "Alushta"]
[Date "2007.05.19"]
[Round "9"]
[White "Kovalenko, Igor"]
[Black "Shevtsov, Nikoliy"]
[Result "1-0"]
[WhiteElo "2359"]
[BlackElo "2406"]
[PlyCount "53"]
[EventDate "2007.05.11"]
[EventType "swiss"]
[EventRounds "9"]
[EventCountry "UKR"]
[SourceTitle "EXT 2008"]
[Source "ChessBase"]
[SourceDate "2007.11.25"]
[SourceVersion "1"]
[SourceVersionDate "2007.11.25"]
[SourceQuality "1"]

1. d4 Nf6 2. Bg5 d5 3. e3 Ne4 4. Bf4 c5 5. Bd3 Qa5+ 6. Nd2 Bf5 7. Ne2 Nxd2 8. Qxd2 Qxd2+ 9. Kxd2 Bxd3 10. cxd3 e6 11. Rac1 Nd7 12. Nc3 a6 13. dxc5 Bxc5 14. d4 Bb6 15. Kd3 Ke7 16. e4 dxe4+ 17. Nxe4 Rhd8 18. Bc7 Rdc8 19. Bd6+ Kd8 20. Ba3 Bc7 21. g3 h6 22. Rc2 Bb8 23. Be7+ Kxe7 24. Rxc8 Nb6 25. Rg8 Ba7 26. Rxa8 Nxa8 27. Rc1 1-0

[Event "UKR-ch qual"]
[Site "Alushta"]
[Date "2007.05.18"]
[Round "8"]
[White "Shevtsov, Nikoliy"]
[Black "Ipatov, Alexander"]
[Result "1-0"]
[WhiteElo "2406"]
[BlackElo "2293"]
[PlyCount "75"]
[EventDate "2007.05.11"]
[EventType "swiss"]
[EventRounds "9"]
[EventCountry "UKR"]
[SourceTitle "EXT 2008"]
[Source "ChessBase"]
[SourceDate "2007.11.25"]
[SourceVersion "1"]
[SourceVersionDate "2007.11.25"]
[SourceQuality "1"]

1. e4 e5 2. Nf3 Nf6 3. Nxe5 d6 4. Nf3 Nxe4 5. d4 d5 6. Bd3 Nc6 7. 0-0 Be7 8. Re1 Bg4 9. c3 f5 10. Qb3 0-0 11. Nbd2 Na5 12. Qa4 Nc6 13. Bb5 Bh4 14. g3 Bf6 15. Bxc6 bxc6 16. Qxc6 Re8 17. Ne5 Bxe5 18. dxe5 Ng5 19. f4 Nh3+ 20. Kg2 Rb8 21. Nb3 Rb6 22. Qc5 d4 23. c4 Rd6 24. Qxa7 Qd7 25. Qb7 Qa4 26. Bd2 Qxc4 27. Rac1 Qd3 28. Rxc7 Rh6 29. Rc8 Rhe6 30. Qd5 Bf3+ 31. Qxf3 Qxf3+ 32. Kxf3 Rxc8 33. Nxd4 Rb6 34. Bc3 g5 35. Nxf5 Rf8 36. Ne7+ Kf7 37. Nd5 Ra6 38. f5 1-0

[Event "UKR-ch qual"]
[Site "Alushta"]
[Date "2007.05.17"]
[Round "7"]
[White "Peskov, Alexsey"]
[Black "Shevtsov, Nikoliy"]
[Result "1/2-1/2"]
[WhiteElo "2366"]
[BlackElo "2406"]
[PlyCount "92"]
[EventDate "2007.05.11"]
[EventType "swiss"]
[EventRounds "9"]
[EventCountry "UKR"]
[SourceTitle "EXT 2008"]
[Source "ChessBase"]
[SourceDate "2007.11.25"]
[SourceVersion "1"]
[SourceVersionDate "2007.11.25"]
[SourceQuality "1"]

1. d4 Nf6 2. c4 c5 3. d5 b5 4. cxb5 a6 5. bxa6 g6 6. Nc3 Bxa6 7. Nf3 d6 8. g3 Bg7 9. Bg2 Nbd7 10. 0-0 Nb6 11. Re1 0-0 12. Bg5 h6 13. Bf4 Nc4 14. Qc2 Nh5 15. Bc1 Qa5 16. a3 Rfb8 17. Nd1 Rb6 18. Ra2 Rab8 19. Nd2 Rb3 20. Kf1 Nxd2+ 21. Bxd2 Qa4 22. Bc3 Bd4 23. Kg1 Nf6 24. Bd2 Qc4 25. Nc3 Ng4 26. e3 Bxc3 27. Bxc3 Ne5 28. Rd1 Qe2 29. Qxe2 Bxe2 30. Re1 Nd3 31. Rea1 Nxb2 32. Be1 c4 33. Rc1 Nd3 34. Rxc4 Nxe1 35. Rxe2 Nxg2 36. Kxg2 Rxa3 37. Rc7 Kf8 38. h4 Rab3 39. Ra2 R8b7 40. Ra7 Rxc7 41. Rxc7 Rb5 42. e4 f5 43. Kf3 fxe4+ 44. Kxe4 Rb4+ 45. Kd3 Rb2 46. Ke3 Rb5 1/2-1/2

[Event "UKR-ch qual"]
[Site "Alushta"]
[Date "2007.05.15"]
[Round "5"]
[White "Velitshko, Ihor"]
[Black "Shevtsov, Nikoliy"]
[Result "1/2-1/2"]
[WhiteElo "2276"]
[BlackElo "2406"]
[PlyCount "47"]
[EventDate "2007.05.11"]
[EventType "swiss"]
[EventRounds "9"]
[EventCountry "UKR"]
[SourceTitle "EXT 2008"]
[Source "ChessBase"]
[SourceDate "2007.11.25"]
[SourceVersion "1"]
[SourceVersionDate "2007.11.25"]
[SourceQuality "1"]

1. e4 e6 2. Qe2 c5 3. Nf3 Nc6 4. g3 d6 5. Bg2 g6 6. 0-0 Bg7 7. c3 Nge7 8. Na3 0-0 9. d3 Rb8 10. Bf4 b5 11. Rad1 Ba6 12. d4 cxd4 13. cxd4 Qa5 14. Bxd6 b4 15. Nc4 Qxa2 16. Rc1 Rbd8 17. Bc5 Rfe8 18. Qc2 Nxd4 19. Nxd4 Bxd4 20. Bxb4 Rb8 21. Bd6 Rb7 22. b4 Qxc2 23. Rxc2 Nc8 24. Rd1 1/2-1/2

[Event "Rodatychi op"]
[Site "Rodatychi"]
[Date "2006.08.31"]
[Round "7"]
[White "Aliavdin, Nikolai"]
[Black "Shevtsov, Nikoliy"]
[Result "1-0"]
[WhiteElo "2368"]
[BlackElo "2255"]
[PlyCount "75"]
[EventDate "2006.08.27"]
[EventType "swiss"]
[EventRounds "9"]
[EventCountry "UKR"]
[SourceTitle "EXT 2008"]
[Source "ChessBase"]
[SourceDate "2007.11.25"]
[SourceVersion "1"]
[SourceVersionDate "2007.11.25"]
[SourceQuality "1"]

1. e4 c5 2. Nf3 d6 3. d4 cxd4 4. Nxd4 Nf6 5. Nc3 a6 6. a4 e5 7. Nf3 Qc7 8. Bg5 Nbd7 9. Nd2 h6 10. Bxf6 Nxf6 11. Bc4 Be6 12. Bb3 Rc8 13. 0-0 Be7 14. Re1 Bd8 15. Nf1 Qc5 16. Qd3 Ba5 17. Red1 Bxc3 18. bxc3 Ke7 19. Ne3 Rhd8 20. Bxe6 fxe6 21. c4 Qa5 22. Kh1 Rc6 23. f3 Rb6 24. c3 Nd7 25. Qc2 Nc5 26. Ng4 Nd7 27. Qf2 Rf8 28. Qh4+ Nf6 29. h3 Rb2 30. Rd3 Qb6 31. Rad1 Rb1 32. Rxd6 Rxd1+ 33. Rxd1 Qc5 34. f4 Ke8 35. Nxe5 Qe3 36. Ng6 Rf7 37. e5 Nd7 38. f5 1-0

[Event "Rodatychi op"]
[Site "Rodatychi"]
[Date "2006.08.29"]
[Round "5"]
[White "Nominas, Kirill"]
[Black "Shevtsov, Nikoliy"]
[Result "1/2-1/2"]
[WhiteElo "2343"]
[BlackElo "2255"]
[PlyCount "122"]
[EventDate "2006.08.27"]
[EventType "swiss"]
[EventRounds "9"]
[EventCountry "UKR"]
[SourceTitle "EXT 2008"]
[Source "ChessBase"]
[SourceDate "2007.11.25"]
[SourceVersion "1"]
[SourceVersionDate "2007.11.25"]
[SourceQuality "1"]

1. e4 e6 2. Qe2 c5 3. g3 Nc6 4. Nf3 d6 5. Bg2 g6 6. 0-0 Bg7 7. d3 Nge7 8. c3 0-0 9. Re1 e5 10. a4 d5 11. exd5 Nxd5 12. Nbd2 Re8 13. Nc4 Bf5 14. Nfd2 h6 15. Ne4 Bf8 16. Ne3 Be6 17. Nxd5 Bxd5 18. Be3 f5 19. Nf6+ Qxf6 20. Bxd5+ Kh7 21. Qf3 Rad8 22. a5 Qd6 23. Bxc6 Qxc6 24. Qxc6 bxc6 25. a6 Rxd3 26. Ra5 e4 27. Bxc5 Re5 28. Bb6 Rxa5 29. Bxa5 Kg8 30. b4 Kf7 31. c4 Ke6 32. Ra1 Rb3 33. c5 Rd3 34. Bb6 Bg7 35. Ra2 Rd7 36. Kg2 Kd5 37. Rd2+ Bd4 38. b5 Rg7 39. Rxd4+ Kxd4 40. bxc6 Kd5 41. c7 Rg8 42. Bxa7 Kc6 43. Bb8 g5 44. Kf1 f4 45. g4 Re8 46. Ke2 Rg8 47. Kd2 Rf8 48. Kc3 Re8 49. Kc2 Rf8 50. Kd2 Re8 51. Ke2 Rf8 52. Ke1 Re8 53. Kd2 Rf8 54. Ke2 Re8 55. Kd2 Rf8 56. Ke2 Re8 57. Ke1 Rf8 58. Ke2 Re8 59. Ke1 Rf8 60. Ke2 Re8 61. Ke1 Rf8 1/2-1/2